Rozpočet spĺňa podmienku pre euro

Podrobná bibliografia
Hlavný autor: Hambálková, Jana (Autor)
Médium: Článok
Jazyk:slovenčina
Fyzický popis:Fotogr., grafy
ISSN:1335-4051
Predmet:

MARC

LEADER 00000nab a2200000 a 4500
001 vtls008901541
003 SK-MaSNL
005 20260426072756.0
008 061221c20061213xo ur| 0 0slo
015 |a SNBRB2006/12 
038 |a RVGKPD 
040 |a RVGKPD  |b slo  |c RVGKPD  |e AACR2 
041 |a slo 
044 |a xo  |c SK 
080 |a 330.534.4  |x (437.6)  |2 1997 
100 1 |a Hambálková, Jana  |4 aut  |9 1160993 
245 1 0 |a Rozpočet spĺňa podmienku pre euro  |c Jana Hambálková 
300 |b Fotogr., grafy 
650 0 7 |a štátny rozpočet  |y na r. 2007  |2 rvgkpd  |9 1324036 
651 7 |a Slovensko  |2 rvgkpd  |9 14231 
773 0 |t Pravda  |g Roč. XVI, č. 286 (13.12.2006), s. 1, 3  |x 1335-4051 
852 |a RVGKPD  |b KIS3G 
992 |a RBX 
999 |c 2692003  |d 2693933